00813nam a22002657a 450000500170000000800410001701000100005801100100006803500100007808200170008810000290010524500630013426000470019730000110024450000110025559000410026659000410030759000420034865000220039065000250041270000290043790100070046694900570047399900170053020220329141219.0971010s1983 r 00010 d a64492 a65464 a72276 a636.089bO5700aOlsen, Richard G.983198 aInmunología e inmunopatología de animales domésticos aMéxico, D.F. :bEl manual moderno,c1983 a227 p. aD97-34 aBATCH-UPDb10c20130110lUCH01h0447 aBATCH-UPDb10c20130110lUCH01h2309 aCONVERSIONb10c20130109lUCH01h133514aInmunidad.95881414aVeterinaria.91189870 aKrakowka, Steven.963845 aBK a636.089 O57bZAcLIBROd-4973eLIBROh4929i72276si c64492d64492